| 000 | 00449nam a22001577a 4500 | ||
|---|---|---|---|
| 003 | macl | ||
| 005 | 20190420125715.0 | ||
| 008 | 190420b xxu||||| |||| 00| 0 eng d | ||
| 040 | _cmacl | ||
| 082 | _a891.433/DAR/S | ||
| 100 |
_aमहेश दर्पण _971740 |
||
| 245 | _aकथा कहो शिव | ||
| 260 |
_aदिल्ली _bप्रवीण प्रकाशन _c2016 |
||
| 650 |
_aकथा _974305 |
||
| 942 |
_2ddc _cHIN |
||
| 999 |
_c59373 _d59373 |
||